| 000 | 00785nam a2200253 a 4500 | ||
|---|---|---|---|
| 008 | |||
| 020 | _a0139369074 (pbk.) | ||
| 049 | _aMAIN | ||
| 090 | _aHB171.5 | ||
| 100 | 1 | _aHeilbroner, Robert L. | |
| 245 | 1 | 0 |
_aUnderstanding macroeconomics / _cRobert L. Heilbroner, James K. Galbraith. |
| 250 | _a8th ed. rev. | ||
| 260 |
_aEnglewood Cliffs, NJ : _bPrentice-Hall, _cc1987. |
||
| 300 |
_axi, 484 p. ; _c24 cm. |
||
| 500 | _aLibrary holdings: both copies missing preliminary p. vii-xi and p. 1-14 | ||
| 500 | _aIncludes index. | ||
| 650 | 0 | _aMacroeconomics. | |
| 700 | 1 | _aGalbraith, James K. | |
| 907 |
_a.b10030906 _b02-07-03 _c17-04-03 |
||
| 003 | |||
| 005 | 20230123133314.0 | ||
| 040 | _cNUST | ||
| 942 |
_cBOOKS _kHB171.5 |
||
| 999 |
_c146311 _d146311 |
||